Cyclisme : Hommage à Rik Van Looy - ses victoires (mort subite) - Statistiques

Statistiques générales
  • Ce quiz a été pris 73 fois
  • Le résultat moyen est 4 sur 12
Answers on the Grid
Answers color-coded by a green-red scale on the quiz's grid according to % correct below.
Le Tour de France
Paris-Roubaix
Le Tour des Flandres
Le Tour d'Italie
Milan-Sanremo
Le Tour d'Espagne
Le Tour de Lombardie
Bordeaux-Paris
L'Amstel Gold Race
Le Championnat du monde sur route
Liège-Bastogne-Liège
Tirreno Adriatico
La Flèche wallonne
Paris-Tours
Le record de l'heure
Le Dauphiné libéré
Le Grand Prix des Nations
Gand Wevelgem
Paris-Bruxelles
Milan-Turin
Classement par points du Tour de France
Classement par points du Tour d'Italie
Classement de la montagne du Tour de France
Classement de la montagne du Tour d'Italie
 
Statistiques - réponses
Réponse % Correct
Paris-Roubaix
88%
Le Tour des Flandres
75%
Milan-Sanremo
75%
Le Tour de Lombardie
44%
Le Championnat du monde sur route
31%
Liège-Bastogne-Liège
31%
Paris-Tours
25%
Gand Wevelgem
19%
Paris-Bruxelles
19%
La Flèche wallonne
13%
Classement de la montagne du Tour d'Italie
6%
Classement par points du Tour de France
6%
Aucun quiz correspondant
Distribution des résultats
% des personnes avec chaque résultat
Percentile par nombre de réponses
Votre historique - résultats
Vous n’avez pas pris ce quiz